[Event "COL Intercollegiate-ch blitz U18"]
[Site "Paipa"]
[Date "2019.12.15"]
[Round "12"]
[White "Morales Criado, Diego Alberto"]
[Black "Rosado Uriana, Rafael de Jesus"]
[Result "0-1"]
[WhiteElo "1371"]
[BlackElo "1620"]
[PlyCount "89"]
[EventDate "2019.12.15"]
[EventType "swiss (blitz)"]
[EventRounds "12"]
[EventCountry "COL"]
[SourceTitle "CBM 193 Extra"]
[Source "ChessBase"]
[SourceDate "2020.01.31"]
[SourceVersion "1"]
[SourceVersionDate "2020.01.31"]
[SourceQuality "1"]

1. e4 c5 2. Nf3 d6 3. d4 cxd4 4. Nxd4 a6 5. Nc3 Nf6 6. Bg5 e6 7. f3 Be7 8. Qd2 Nc6 9. 0-0-0 Nxd4 10. Qxd4 Bd7 11. g4 Rc8 12. e5 dxe5 13. Qxe5 h6 14. Bh4 Rc5 15. Qd4 Nd5 16. Qxg7 Rf8 17. Bxe7 Qxe7 18. Nxd5 Rxd5 19. Rxd5 exd5 20. Bd3 Qg5+ 21. Qxg5 hxg5 22. h4 Rh8 23. h5 Bc6 24. Re1+ Kd8 25. Re5 d4 26. Rxg5 Bxf3 27. c3 dxc3 28. bxc3 Ke7 29. Bc4 Rc8 30. Re5+ Kd6 31. Re3 Bxg4 32. Bxf7 Rh8 33. Rd3+ Ke7 34. Bg6 Kf6 35. Kb2 Be6 36. Rf3+ Kg5 37. Re3 Kf6 38. Rf3+ Ke7 39. Re3 Kd6 40. Rf3 Bg4 41. Rf6+ Kc7 42. Rf7+ Kb6 43. Be4 Rxh5 44. Rxb7+ Ka5 45. Rb4 0-1

[Event "COL Intercollegiate-ch rapid U18"]
[Site "Paipa"]
[Date "2019.12.14"]
[Round "5"]
[White "Palomeque Parra, Jhon Brainer"]
[Black "Rosado Uriana, Rafael de Jesus"]
[Result "0-1"]
[WhiteElo "1300"]
[BlackElo "1592"]
[PlyCount "114"]
[EventDate "2019.12.14"]
[EventType "swiss (rapid)"]
[EventRounds "6"]
[EventCountry "COL"]
[SourceTitle "CBM 193 Extra"]
[Source "ChessBase"]
[SourceDate "2020.01.31"]
[SourceVersion "1"]
[SourceVersionDate "2020.01.31"]
[SourceQuality "1"]

1. e4 c5 2. Nf3 d6 3. Bc4 Nf6 4. Nc3 a6 5. d4 cxd4 6. Nxd4 e6 7. 0-0 Be7 8. Bd3 0-0 9. Be3 Nbd7 10. Qe2 Nc5 11. Rac1 Nxd3 12. cxd3 e5 13. Nf3 Bg4 14. h3 Bh5 15. Bd2 Qd7 16. Qe3 Rac8 17. b3 Rfe8 18. Na4 Rxc1 19. Rxc1 Bd8 20. Nb6 Bxb6 21. Qxb6 Bxf3 22. gxf3 Qxh3 23. Qe3 Nh5 24. Qg5 Qxf3 25. Be3 h6 26. Qg2 Qxg2+ 27. Kxg2 Re7 28. b4 Nf6 29. f3 d5 30. a4 d4 31. Bd2 Ne8 32. b5 Rc7 33. bxa6 Rxc1 34. Bxc1 bxa6 35. Ba3 f6 36. Kg3 Kf7 37. Kg4 g6 38. Bc1 h5+ 39. Kg3 Ke6 40. f4 exf4+ 41. Kxf4 g5+ 42. Kf3 Nd6 43. Ba3 Nb7 44. Bb4 f5 45. Bf8 fxe4+ 46. Kxe4 Nd6+ 47. Kxd4 g4 48. Ke3 Nf5+ 49. Kf4 Nd4 50. Bb4 Kd5 51. Kg3 Nc2 52. Be7 Kd4 53. Kh4 Kxd3 54. Kxh5 g3 55. Bc5 Nd4 56. Bd6 g2 57. Bh2 Nf3 0-1

[Event "COL Intercollegiate-ch rapid U18"]
[Site "Paipa"]
[Date "2019.12.14"]
[Round "2"]
[White "Rosado Uriana, Rafael de Jesus"]
[Black "Alvarez Angel, Nelson Eduardo"]
[Result "0-1"]
[WhiteElo "1592"]
[BlackElo "1815"]
[PlyCount "110"]
[EventDate "2019.12.14"]
[EventType "swiss (rapid)"]
[EventRounds "6"]
[EventCountry "COL"]
[SourceTitle "CBM 193 Extra"]
[Source "ChessBase"]
[SourceDate "2020.01.31"]
[SourceVersion "1"]
[SourceVersionDate "2020.01.31"]
[SourceQuality "1"]

1. e4 c5 2. Nc3 a6 3. Nf3 b5 4. d4 cxd4 5. Nxd4 Bb7 6. Bd3 e6 7. Nf3 Nf6 8. Bg5 Be7 9. 0-0 0-0 10. Re1 d6 11. Qe2 Nbd7 12. Rad1 Qc7 13. Bf4 b4 14. Na4 Bc6 15. b3 Bxa4 16. bxa4 Qa5 17. Bc4 e5 18. Bd2 Nc5 19. Bb3 Ncxe4 20. a3 Nxd2 21. Qxd2 Rab8 22. axb4 Qxb4 23. Qxb4 Rxb4 24. Ng5 h6 25. Nf3 Nd7 26. Nd2 Nc5 27. Nc4 Nxb3 28. cxb3 Rxb3 29. Nxd6 Ra3 30. Nf5 Bf6 31. Ra1 Rxa1 32. Rxa1 Rc8 33. g3 Kh7 34. Nd6 Rc7 35. Ne8 Rc6 36. Kg2 Kg6 37. Nxf6 Kxf6 38. a5 Ke6 39. Rb1 f5 40. Rb7 g5 41. Rh7 Kd5 42. Rf7 f4 43. Rb7 Re6 44. Rd7+ Kc6 45. Rd2 Kb5 46. Ra2 e4 47. gxf4 gxf4 48. Kh3 e3 49. fxe3 fxe3 50. Ra1 e2 51. Re1 Kxa5 52. Kg4 Kb4 53. Kf5 Re8 54. Kg6 Kc3 55. Kxh6 Kd2 0-1

[Event "COL Intercollegiate-ch U18"]
[Site "Paipa"]
[Date "2019.12.06"]
[Round "1"]
[White "Alvarez Angel, Nelson Eduardo"]
[Black "Rosado Uriana, Rafael de Jesus"]
[Result "1-0"]
[WhiteElo "2018"]
[BlackElo "1518"]
[PlyCount "47"]
[EventDate "2019.12.06"]
[EventType "swiss"]
[EventRounds "7"]
[EventCountry "COL"]
[SourceTitle "CBM 193 Extra"]
[Source "ChessBase"]
[SourceDate "2020.01.31"]
[SourceVersion "1"]
[SourceVersionDate "2020.01.31"]
[SourceQuality "1"]

1. d4 d5 2. c4 e6 3. Nc3 Nf6 4. cxd5 Nxd5 5. e4 Nxc3 6. bxc3 c5 7. Nf3 Bd7 8. Bd3 cxd4 9. cxd4 Bb4+ 10. Bd2 Bxd2+ 11. Qxd2 0-0 12. 0-0 Nc6 13. Rab1 Qa5 14. Rxb7 Qxd2 15. Nxd2 Bc8 16. Rc7 Nxd4 17. e5 Rd8 18. Rfc1 a5 19. Ne4 Ba6 20. Bxa6 Rxa6 21. Kf1 Nf5 22. g4 Nd4 23. Rd1 h6 24. Rc4 1-0

[Event "Region Guajira qual 21th Rapid"]
[Site "Riohacha"]
[Date "2019.10.06"]
[Round "3.1"]
[White "Fajardo Murgas, Jossimar David"]
[Black "Rosado Uriana, Rafael de Jesus"]
[Result "1/2-1/2"]
[WhiteElo "1940"]
[BlackElo "1592"]
[PlyCount "114"]
[EventDate "2019.10.06"]
[EventType "tourn (rapid)"]
[EventRounds "5"]
[EventCountry "COL"]
[SourceTitle "EXT 2024"]
[Source "ChessBase"]
[SourceDate "2023.10.10"]
[SourceVersion "1"]
[SourceVersionDate "2023.10.10"]
[SourceQuality "1"]

1. d4 Nf6 2. Bf4 g6 3. Nc3 Bg7 4. e4 d6 5. Qd2 Nc6 6. 0-0-0 0-0 7. f3 Nh5 8. Bh6 e5 9. d5 Nd4 10. Nge2 Nxe2+ 11. Nxe2 Qf6 12. Bxg7 Kxg7 13. h4 Nf4 14. g3 Nxe2+ 15. Bxe2 Bd7 16. h5 Kg8 17. Rh2 g5 18. h6 Kh8 19. Rf1 Qg6 20. Qe3 f5 21. Kb1 Rae8 22. b3 a6 23. Rfh1 Re7 24. Rh5 Rg8 25. R5h2 Qf6 26. Bd3 fxe4 27. Bxe4 Be8 28. Qd3 Bg6 29. Kb2 Bxe4 30. fxe4 Rf7 31. Qe2 Qf3 32. Qg2 Qxg2 33. Rxg2 Rf3 34. Re1 Rg6 35. g4 Rxh6 36. a4 Rhh3 37. Ree2 Kg7 38. Kc1 Rhg3 39. Kd2 Kg6 40. a5 Rxg2 41. Rxg2 Rf1 42. Ke2 Ra1 43. Rf2 Rxa5 44. Rf8 Rc5 45. Kd3 c6 46. dxc6 Rxc6 47. Rb8 b5 48. Rg8+ Kf6 49. c3 h6 50. Rh8 Kg7 51. Rd8 Kg6 52. Rg8+ Kf7 53. Rh8 Kg7 54. Rd8 Kg6 55. Rg8+ Kf7 56. Rh8 Kg7 57. Rd8 h5 1/2-1/2

[Event "COL-ch Superate Intercol U14"]
[Site "Barranquilla"]
[Date "2018.11.21"]
[Round "7.4"]
[White "Ahumada Herrera, Juan Sebastian"]
[Black "Rosado Uriana, Rafael de Jesus"]
[Result "1-0"]
[WhiteElo "1490"]
[BlackElo "1536"]
[PlyCount "65"]
[EventDate "2018.11.19"]
[EventType "swiss"]
[EventRounds "7"]
[EventCountry "COL"]
[SourceTitle "EXT 2024"]
[Source "ChessBase"]
[SourceDate "2023.10.10"]
[SourceVersion "1"]
[SourceVersionDate "2023.10.10"]
[SourceQuality "1"]

1. e4 c5 2. Nf3 d6 3. d4 cxd4 4. Nxd4 Nf6 5. Nc3 a6 6. h3 e6 7. g4 Be7 8. g5 Nfd7 9. Bg2 Nc6 10. h4 Qb6 11. Nb3 Nc5 12. Be3 Qc7 13. Qe2 Bd7 14. f4 0-0-0 15. 0-0-0 f5 16. exf5 exf5 17. Bxc5 dxc5 18. Nd5 Qb8 19. Nxe7+ Nxe7 20. Qxe7 Qxf4+ 21. Kb1 Qf2 22. Qxc5+ Qxc5 23. Nxc5 Bc6 24. Bxc6 bxc6 25. Nxa6 Rdf8 26. Nb4 Kc7 27. Rhf1 f4 28. Nd3 f3 29. Ne5 Rf4 30. Nxf3 Rhf8 31. Nd2 Rf2 32. Kc1 Rxf1 33. Rxf1 1-0

[Event "COL-chT"]
[Site "Ibague"]
[Date "2017.07.19"]
[Round "1.3"]
[White "Cadena, Juan Manuel"]
[Black "Rosado Uriana, Rafael de Jesus"]
[Result "1-0"]
[WhiteElo "2095"]
[BlackElo "1598"]
[PlyCount "54"]
[EventDate "2017.07.19"]
[EventType "team-swiss"]
[EventRounds "6"]
[EventCountry "COL"]
[SourceTitle "CBM 179 Extra"]
[Source "ChessBase"]
[SourceDate "2017.08.23"]
[SourceVersion "1"]
[SourceVersionDate "2017.08.23"]
[SourceQuality "1"]
[WhiteTeam "Boyaca"]
[BlackTeam "Guajira"]
[WhiteTeamCountry "COL"]
[BlackTeamCountry "COL"]

1. e4 c5 2. Nf3 d6 3. d4 cxd4 4. Nxd4 Nf6 5. Nc3 a6 6. Be2 e6 7. g4 Be7 8. g5 Nfd7 9. Rg1 Nc5 10. Be3 Qc7 11. Qd2 Nc6 12. 0-0-0 Bd7 13. a3 Qa5 14. Kb1 Na4 15. Nxa4 Qxa4 16. f4 Qa5 17. c3 0-0 18. Nc2 Rfd8 19. h4 Be8 20. Bd3 d5 21. e5 d4 22. cxd4 Qd5 23. h5 Qb3 24. Na1 Qd5 25. f5 Nxd4 26. f6 Bf8 27. Bxd4 Rac8 1-0

[Event "COL-ch Superate fin-A"]
[Site "Bogota"]
[Date "2016.11.03"]
[Round "3.7"]
[White "Arciniegas Castro, Santiago"]
[Black "Rosado Uriana, Rafael de Jesus"]
[Result "1-0"]
[WhiteElo "1592"]
[BlackElo "1644"]
[PlyCount "82"]
[EventDate "2016.11.02"]
[EventType "swiss"]
[EventRounds "5"]
[EventCountry "COL"]
[SourceTitle "EXT 2024"]
[Source "ChessBase"]
[SourceDate "2023.10.10"]
[SourceVersion "1"]
[SourceVersionDate "2023.10.10"]
[SourceQuality "1"]

1. e4 e5 2. Nf3 Nc6 3. Bb5 d6 4. c3 Bd7 5. 0-0 a6 6. Ba4 b5 7. Bb3 Na5 8. Bc2 c5 9. h3 Nc6 10. d4 cxd4 11. cxd4 Be7 12. d5 Na7 13. b4 Nf6 14. Be3 0-0 15. Qd3 Nc8 16. Nbd2 Nb6 17. Nxe5 dxe5 18. d6 Re8 19. dxe7 Rxe7 20. f4 exf4 21. Rxf4 Be6 22. Bd4 Rd7 23. e5 Nfd5 24. Qxh7+ Kf8 25. Bc5+ Rd6 26. Bxd6+ Ke8 27. Qg8+ Kd7 28. Qxd8+ Kxd8 29. Rh4 Kd7 30. Be4 Rc8 31. Bxd5 Nxd5 32. Ne4 Rc2 33. Nc5+ Kc6 34. Nxe6 fxe6 35. Rh8 Ne3 36. Rc8+ Kd5 37. Rxc2 Nxc2 38. Rc1 Ne3 39. Rc5+ Ke4 40. Rc7 g5 41. Ra7 Kd5 1-0